000 00298nam a22001217a 4500
020 _a9788176222648
082 _a637.1
_bPAN/AD
245 _aAdvance in Indigenous Dairy Products
260 _aNew Delhi
_bBiotech Books
_c2013
300 _a232
700 _aPandey,Rajendra Kumar
_9337
942 _cBK
999 _c14393
_d14393